The advancement of dependent peoples ; The United Nations and non-self-governing territories documentary material /

Elmentve itt :
Bibliográfiai részletek
Szerző: Sayre Francis B.
Dokumentumtípus: Cikk
Megjelent: 1947
Sorozat:Kolligátum
Kulcsszavak:Egyesült Nemzetek Szervezete
Online Access:http://misc.bibl.u-szeged.hu/23217
LEADER 00629nab a2200169 i 4500
001 misc23217
005 20191108150153.0
008 170822s1947 hu o 0|| zxx d
040 |a SZTE Miscellanea Repozitórium  |b hun 
041 |a zxx 
100 1 |a Sayre Francis B. 
245 1 4 |a The advancement of dependent peoples ; The United Nations and non-self-governing territories   |h [elektronikus dokumentum] :  |b documentary material /  |c  Sayre Francis B. 
260 |c 1947 
300 |a 692-782 
490 0 |a Kolligátum 
695 |a Egyesült Nemzetek Szervezete 
856 4 0 |u http://misc.bibl.u-szeged.hu/23217/1/87518_692-782.pdf  |z Dokumentum-elérés